| 000 | 00908nam a22002417a 4500 | ||
|---|---|---|---|
| 005 | 20120921105847.0 | ||
| 008 | 120921t xxu||||| |||| 00| 0 eng d | ||
| 010 | _aENG-105916 | ||
| 020 |
_a9788184554229 _c895.00 |
||
| 035 | _aEN-89449 | ||
| 037 | _bDBAD/PUB | ||
| 040 |
_aDPL _bEnglish |
||
| 082 | _a649.1 | ||
| 100 | _952247 | ||
| 245 |
_aChild Care / _cedited by Huma Zaidi |
||
| 260 |
_aNew Delhi _bOmega Publications _c2012 |
||
| 270 |
_a4378/4B, G-4 JMD House, Murari Lal Street, Ansari Road, Daryaganj _bNew Delhi _e110002 _momega_publications@yahoo.com |
||
| 300 |
_a288p. _c22cm(Hb) |
||
| 500 | _aIncludes bibliographical references and index | ||
| 700 |
_aZaidi, Huma _952513 |
||
| 942 |
_2ddc _cEN _h649.1 _mCHI |
||
| 999 |
_c70177 _d70177 |
||